Ekonomičeskie svjazi estonskoj SSR v sisteme narodnogo chozjajstva SSSR / Perevod s estonskogo (Titelsatznr. 2863)
[ MARC ]
| 000 -Satzkennung | |
|---|---|
| Kontrollfeld mit fester Länge | 00514nam a22001811c 4500 |
| 001 - Kontrollnummer | |
| Kontrollfeld | a987685260 |
| 008 - Feld mit fester Länge zur physischen Beschreibung - Allgemeine Angaben | |
| Kontrollfeld mit fester Länge | 060204s1969 gw |||| 000u rus d |
| 041 ## - Sprachcode | |
| Sprachcode des Textes/der Tonspur oder des separaten Titels | rus |
| 040 ## - Katalogisierungsquelle | |
| Übertragungsstelle | RU-10907106 |
| 003 - Kontrollnummer Identifier | |
| Kontrollfeld | RU-10907106 |
| 100 1# - Haupteintragung - Personenname | |
| Personenname | Lychmusa, E. |
| 245 00 - Titel | |
| Titel | Ekonomičeskie svjazi estonskoj SSR v sisteme narodnogo chozjajstva SSSR / Perevod s estonskogo |
| 264 ## - Produktion, Veröffentlichung, Distribution, Herstellung und Urheberrechtsvermerk | |
| Herstellungs-, Veröffentlichungs- Vertriebs-, Erzeugungsort | Tallin : |
| Produzent, Herausgeber, Distributor, Hersteller | Izd. Eesti raamat, |
| Datum der Herstellung, der Veröffentlichung, des Vertriebs oder des Urheberschutzvermerks | 1969 |
| 300 ## - Physische Beschreibung | |
| Umfang | 314 S. |
| 650 #0 - Nebeneintragung unter einem Schlagwort - Sachschlagwort | |
| Sachschlagwort oder geografischer Name als Eintragungselement | Estland <1945-1968> |
| 710 2# - Nebeneintragung - Körperschaftsname | |
| Körperschafts- oder Gebietskörperschaftsname als Eintragungselement | Institut Ekonomiki AN ESSR |
| 942 ## - Zusätzliche Felder (Koha) | |
| Koha-Medientyp | Monographien |
| Ausgeschieden | Verloren | Klassifikation oder Aufstellungssystematik | Beschädigt | Nicht entleihbar | Heimatbibliothek | Aufenthaltsbibliothek | Aufstellungsort | Erwerbungsdatum | Inventarnummer | Signatur | Barcode | Letzte Aktivität | Preis gültig von | Koha-Medientyp |
|---|---|---|---|---|---|---|---|---|---|---|---|---|---|---|
| Andere/Generische Klassifikation | MWN Osteuropa | MWN Osteuropa | Magazin - 2 | 04/02/2006 | 06-00311 | R 64 n Estland | E004015073EBAF39 | 23/02/2021 | 22/03/2021 | Monographien |